000 00668nam a22002177a 4500
003 UA-OsUOA
001 59204
007 ta
008 20090313b un ||||| |||| 00| 0 ukr d
100 _aСалайчук О.
090 _a330
_bС16
942 _cSA
040 _aUA-OsUOA
_bukr
_cUA-OsUOA
_dUA-OsUOA
245 _aОбіг фальшивих страхових документів - загроза фінансовій стійкості страховика
300 _aС.32-36
955 _a0
041 _aukr
080 _a330
773 0 _w59203
_tФинансовые услуги
_dК.
_d2009
_g2
650 7 _a330 Економіка взагалі
_2UDC
999 _c345283
_d345283